Hacia una transformación organizacional en la industria de salud: forjando una cultura digital al servicio de la medicina exponencial (Registro nro. 12629)
[ vista simple ]
| 000 -LEADER | |
|---|---|
| fixed length control field | 00541 a2200157 4500 |
| 001 - CONTROL NUMBER | |
| control field | ART_51923 |
| 005 - DATE AND TIME OF LATEST TRANSACTION | |
| control field | 20260410161633.0 |
| 008 - FIXED-LENGTH DATA ELEMENTS--GENERAL INFORMATION | |
| fixed length control field | 260409a |
| 100 1# - MAIN ENTRY--PERSONAL NAME | |
| Personal name | Arteche, Mónica R. de |
| 245 10 - TITLE STATEMENT | |
| Title | Hacia una transformación organizacional en la industria de salud: forjando una cultura digital al servicio de la medicina exponencial |
| 700 1# - ADDED ENTRY--PERSONAL NAME | |
| Personal name | Welsh, Vanessa |
| 700 1# - ADDED ENTRY--PERSONAL NAME | |
| Personal name | Santucci, Marina |
| 700 1# - ADDED ENTRY--PERSONAL NAME | |
| Personal name | Lerner, Alan M. |
| 700 1# - ADDED ENTRY--PERSONAL NAME | |
| Personal name | Carrillo Zambrano, Eduardo |
| 773 0# - HOST ITEM ENTRY | |
| Title | Enfoques |
| Related parts | - N°4 (abr. 2020) |
| Record control number | REV416 |
No hay ítems disponibles.